[Event "DVM U12w 2022"]
[Site "Berlin GER"]
[Date "2022.12.27"]
[Round "1"]
[White "Vogt, Luna"]
[Black "Xiao, Yiyi"]
[Result "0-1"]
[Termination "normal"]
[Board "1.1"]
[WhiteElo "1345"]
[BlackElo "1162"]
[WhiteTeam "Schachgemeinschaft Porz e. V."]
[BlackTeam "SC Weisse Dame e.V."]
[PlyCount "130"]
[WhiteFideId "34607153"]
[BlackFideId "34605665"]
[EventCountry "GER"]
[EventRounds "7"]
[EventType "team-swiss"]
[EventDate "2022.12.26"]

{unterminated} 1. d4 e6 2. e4 d5 3. exd5 exd5 4. Nf3 Nf6 5. Bg5 Be7 6. Bd3 O-O
7. O-O Bg4 8. h3 Bh5 9. Nbd2 Nc6 10. c3 Re8 11. Qc2 Bg6 12. Bxg6 hxg6 13. Rfe1
Nh7 14. Bf4 Qd7 15. Ne5 Nxe5 16. dxe5 Bc5 17. Nf3 c6 18. Rad1 Rad8 19. c4 d4
20. a3 a5 21. Qa4 Ra8 22. Be3 b5 23. cxb5 cxb5 24. Qc2 Rac8 25. Qb1 Qa7 26.
Bxd4 Bxd4 27. Nxd4 Rc5 28. Nf3 Nf8 29. Qa2 Rc2 30. Rd2 Rec8 31. Ree2 Rxd2 32.
Rxd2 Ne6 33. Qb3 Nc5 34. Qxb5 Ne4 35. Qd7 Qc5 36. Re2 Ng3 37. Re1 Nf5 38. e6
fxe6 39. Qxe6+ Kh7 40. Ng5+ Kh6 41. Ne4 Qc7 42. g4 Nh4 43. g5+ Kh7 44. Qg4 Nf5
45. h4 Rh8 46. h5 Kg8 47. Ng3 Nxg3 48. fxg3 Rxh5 49. Re8+ Kh7 50. Qf4 Qb6+ 51.
Kg2 Qxb2+ 52. Kf3 Qc3+ 53. Re3 Qc6+ 54. Kg4 Qd7+ 55. Kf3 Rh1 56. Ke4 Qc6+ 57.
Ke5 Rd1 58. Qe4 Qc7+ 59. Ke6 Qd6+ 60. Kf7 Qd7+ 61. Kf8 Qd8+ 62. Kf7 Rd7+ 63.
Qe7 Rxe7+ 64. Rxe7 Qd5+ 65. Re6 Qxg5 0-1

[Event "DVM U12w 2022"]
[Site "Berlin GER"]
[Date "2022.12.27"]
[Round "1"]
[White "Zhou, Leyi Charlotte"]
[Black "Brandt, Clara"]
[Result "1/2-1/2"]
[Termination "normal"]
[Board "1.2"]
[WhiteElo "1320"]
[BlackElo "1163"]
[WhiteTeam "SC Weisse Dame e.V."]
[BlackTeam "Schachgemeinschaft Porz e. V."]
[PlyCount "52"]
[WhiteFideId "16258100"]
[BlackFideId "34614737"]
[EventCountry "GER"]
[EventRounds "7"]
[EventType "team-swiss"]
[EventDate "2022.12.26"]

{unterminated} 1. e4 e6 2. d4 d5 3. exd5 exd5 4. Nf3 Nc6 5. Nc3 Bb4 6. Bb5 Bd7
7. O-O Nge7 8. Re1 Bxc3 9. bxc3 O-O 10. Ba3 Re8 11. Qd2 a6 12. Bxc6 Nxc6 13.
Rxe8+ Bxe8 14. Re1 Bd7 15. Qf4 Be6 16. Ng5 Qd7 17. Re3 h6 18. Nxe6 fxe6 19. Qg4
Re8 20. Rh3 Kh7 21. Rg3 Rg8 22. Qg6+ Kh8 23. Bc1 Qe8 24. Qg4 Qf7 25. Rh3 Kh7
26. Rf3 Qg6 1/2-1/2

[Event "DVM U12w 2022"]
[Site "Berlin GER"]
[Date "2022.12.27"]
[Round "1"]
[White "Ramien, Eva"]
[Black "John, Linnea"]
[Result "0-1"]
[Termination "normal"]
[Board "1.3"]
[WhiteElo "915"]
[BlackElo "1326"]
[WhiteTeam "Schachgemeinschaft Porz e. V."]
[BlackTeam "SC Weisse Dame e.V."]
[PlyCount "33"]
[WhiteFideId "16275390"]
[BlackFideId "34623680"]
[EventCountry "GER"]
[EventRounds "7"]
[EventType "team-swiss"]
[EventDate "2022.12.26"]

{unterminated} 1. e4 c5 2. Nc3 Nc6 3. Bb5 g6 4. Bxc6 dxc6 5. d3 Bg7 6. Nge2 Nf6
7. O-O O-O 8. Be3 b6 9. f4 e6 10. e5 Nd5 11. Nxd5 cxd5 12. a4 Bb7 13. a5 f6 14.
a6 Bc6 15. d4 fxe5 16. dxe5 d4 17. Bf2 0-1

[Event "DVM U12w 2022"]
[Site "Berlin GER"]
[Date "2022.12.27"]
[Round "1"]
[White "Sachsenröder, Frida"]
[Black "Daaboul, Dima"]
[Result "0-1"]
[Termination "normal"]
[Board "1.4"]
[WhiteElo "871"]
[BlackElo "885"]
[WhiteTeam "SC Weisse Dame e.V."]
[BlackTeam "Schachgemeinschaft Porz e. V."]
[PlyCount "52"]
[WhiteFideId "34639861"]
[BlackFideId "34619720"]
[EventCountry "GER"]
[EventRounds "7"]
[EventType "team-swiss"]
[EventDate "2022.12.26"]

{unterminated} 1. d4 b6 2. Bf4 Bb7 3. e3 Nf6 4. Nf3 e6 5. Bd3 d6 6. O-O Be7 7.
Nbd2 O-O 8. c3 Re8 9. Re1 Nbd7 10. e4 e5 11. dxe5 dxe5 12. Nxe5 Bd6 13. Nxd7
Bxf4 14. Nxf6+ Qxf6 15. Nf3 Rad8 16. Qc2 h6 17. Rad1 Qg6 18. e5 Qh5 19. Be2
Bxe5 20. Nxe5 Qxe5 21. Bd3 Qxe1+ 22. Rxe1 Rxe1+ 23. Bf1 Rdd1 24. h3 Rxf1+ 25.
Kh2 Rg1 26. Qe2 Rxg2# 0-1

[Event "DVM U12w 2022"]
[Site "Berlin GER"]
[Date "2022.12.27"]
[Round "1"]
[White "Mehner, Clara"]
[Black "Abram, Kristina-Maria"]
[Result "0-1"]
[Termination "normal"]
[Board "2.1"]
[WhiteElo "1200"]
[BlackElo "1166"]
[WhiteTeam "USG Chemnitz"]
[BlackTeam "Hamburger SK von 1830 eV"]
[PlyCount "105"]
[WhiteFideId "34612165"]
[BlackFideId "16298349"]
[EventCountry "GER"]
[EventRounds "7"]
[EventType "team-swiss"]
[EventDate "2022.12.26"]

{unterminated} 1. e4 b6 2. d4 Bb7 3. Nc3 Nf6 4. Bd3 e6 5. a3 c5 6. Nf3 d5 7. e5
Nfd7 8. Be3 c4 9. Be2 f6 10. Bf4 Nc6 11. O-O g5 12. Bg3 f5 13. h3 f4 14. Bh2
Rg8 15. b3 cxb3 16. cxb3 h5 17. Qd3 g4 18. hxg4 hxg4 19. Nd2 Qg5 20. Nb5 O-O-O
21. Rac1 g3 22. fxg3 fxg3 23. Bxg3 Qxg3 24. Qxg3 Rxg3 25. Nxa7+ Kc7 26. Bb5 Bh6
27. Nxc6 Bxd2 28. Nxd8+ Kxd8 29. Rc2 Be3+ 30. Kh2 Rg7 31. Rd1 Rg4 32. Rf1 Bxd4
33. Rf7 Bc8 34. Rh7 Bxe5+ 35. Kh1 Rg3 36. Ba4 Rc3 37. Rxc3 Bxc3 38. g4 d4 39.
Bb5 Bb7+ 40. Kh2 Bc8 41. g5 Ne5 42. Rh5 Kc7 43. Rh7+ Kb8 44. Rg7 d3 45. g6 Ng4+
46. Kg3 Bxg7 47. Kxg4 d2 48. Be2 Ba6 49. Bf3 Bd3 50. b4 Bc2 51. Kg5 d1=Q 52.
Bxd1 Bxd1 53. b5 0-1

[Event "DVM U12w 2022"]
[Site "Berlin GER"]
[Date "2022.12.27"]
[Round "1"]
[White "Yan, Jenny"]
[Black "Mo, Keyou"]
[Result "0-1"]
[Termination "normal"]
[Board "2.2"]
[WhiteElo "954"]
[BlackElo "1138"]
[WhiteTeam "Hamburger SK von 1830 eV"]
[BlackTeam "USG Chemnitz"]
[PlyCount "64"]
[WhiteFideId "34630376"]
[BlackFideId "34623582"]
[EventCountry "GER"]
[EventRounds "7"]
[EventType "team-swiss"]
[EventDate "2022.12.26"]

{unterminated} 1. e4 e5 2. Nf3 Nc6 3. Bc4 Bc5 4. c3 Nf6 5. d4 exd4 6. cxd4 Bb4+
7. Bd2 Nxe4 8. Bxb4 Nxb4 9. Qb3 d5 10. Qxb4 dxc4 11. Qxc4 O-O 12. O-O Be6 13.
Qe2 Nd6 14. Nc3 Bc4 15. Qc2 Bxf1 16. Rxf1 c6 17. d5 Rc8 18. dxc6 Rxc6 19. Re1
Nb5 20. Qb3 Nxc3 21. bxc3 b6 22. Nd4 Rg6 23. Nf3 Re8 24. Rd1 Qe7 25. Qc2 Qb7
26. Qe2 Qc6 27. Qd3 h6 28. c4 Ree6 29. Qd8+ Kh7 30. Qd3 Rd6 31. Qc2 Qxf3 32.
Qxg6+ Rxg6 0-1

[Event "DVM U12w 2022"]
[Site "Berlin GER"]
[Date "2022.12.27"]
[Round "1"]
[White "Lange, Lene Marie"]
[Black "Fomenkova, Elina"]
[Result "1-0"]
[Termination "normal"]
[Board "2.3"]
[WhiteElo "975"]
[BlackElo "996"]
[WhiteTeam "USG Chemnitz"]
[BlackTeam "Hamburger SK von 1830 eV"]
[PlyCount "113"]
[WhiteFideId "34639748"]
[BlackFideId "34623760"]
[EventCountry "GER"]
[EventRounds "7"]
[EventType "team-swiss"]
[EventDate "2022.12.26"]

{unterminated} 1. d4 Nf6 2. Nf3 e6 3. Bf4 d5 4. e3 Nbd7 5. Bd3 b6 6. Nbd2 Bb7
7. O-O Bd6 8. Bxd6 cxd6 9. Qe2 O-O 10. Rfe1 e5 11. dxe5 dxe5 12. e4 Nc5 13.
exd5 e4 14. Nxe4 Ncxe4 15. Bxe4 Nxe4 16. Qxe4 Bxd5 17. Qd3 Bxf3 18. Qxd8 Raxd8
19. gxf3 h5 20. Rad1 Rfe8 21. Rxe8+ Rxe8 22. b4 Re5 23. Rd8+ Kh7 24. Rd7 Re2
25. Rxf7 Rxc2 26. Rxa7 h4 27. h3 Rc3 28. Kg2 Kg6 29. a4 Ra3 30. a5 bxa5 31.
bxa5 Kf6 32. a6 g5 33. Ra8 Kf5 34. a7 g4 35. Rf8+ Kg5 36. a8=Q Rxa8 37. Rxa8
Kf4 38. fxg4 Kg5 39. Ra5+ Kg6 40. Rh5 Kg7 41. Rxh4 Kg6 42. g5 Kg7 43. g6 Kg8
44. f4 Kg7 45. f5 Kg8 46. Rg4 Kh8 47. g7+ Kg8 48. f6 Kf7 49. g8=Q+ Kxf6 50.
Qf8+ Ke5 51. Qc5+ Kf6 52. Ra4 Ke6 53. Ra6+ Kd7 54. Qh5 Kc7 55. Qh7+ Kb8 56. Rg6
Ka8 57. Rg8# 1-0

[Event "DVM U12w 2022"]
[Site "Berlin GER"]
[Date "2022.12.27"]
[Round "1"]
[White "Blome, Antonia"]
[Black "Sayouf, Raya"]
[Result "1-0"]
[Termination "normal"]
[Board "2.4"]
[WhiteElo "966"]
[BlackElo "772"]
[WhiteTeam "Hamburger SK von 1830 eV"]
[BlackTeam "USG Chemnitz"]
[PlyCount "103"]
[WhiteFideId "34630090"]
[BlackFideId "34639870"]
[EventCountry "GER"]
[EventRounds "7"]
[EventType "team-swiss"]
[EventDate "2022.12.26"]

{unterminated} 1. d4 d5 2. Bf4 Nc6 3. e3 Nf6 4. h3 Bf5 5. c3 e6 6. Nf3 Bd6 7.
Ne5 O-O 8. Qf3 Be4 9. Qd1 Nd7 10. Nxc6 bxc6 11. Qg4 Nf6 12. Qh4 Nd7 13. Qxd8
Raxd8 14. Nd2 Nf6 15. Rc1 Nh5 16. Bxd6 cxd6 17. c4 Nf6 18. f3 Bf5 19. g4 Bg6
20. h4 h6 21. h5 Bh7 22. b4 Nd7 23. Nb3 Nb6 24. Rh2 Rc8 25. c5 dxc5 26. bxc5
Na4 27. Ba6 Rb8 28. Re2 g6 29. Na5 gxh5 30. Nxc6 Rbe8 31. Nxa7 Ra8 32. c6 Rxa7
33. c7 Rxa6 34. c8=Q Rxc8 35. Rxc8+ Kg7 36. e4 dxe4 37. fxe4 hxg4 38. Kf2 Nb6
39. Rc6 Kf6 40. Kg3 h5 41. Rc5 Na4 42. Rxh5 Bg6 43. e5+ Kg7 44. Rg5 Nc3 45. Rc2
Nxa2 46. Kxg4 f6 47. Rc7+ Kh6 48. exf6 Nb4 49. f7 Ra8 50. Re5 Na6 51. Re7 Nb8
52. f8=Q# 1-0

[Event "DVM U12w 2022"]
[Site "Berlin GER"]
[Date "2022.12.27"]
[Round "1"]
[White "Le, Thao-Linh"]
[Black "Hoffmann, Svenja"]
[Result "0-1"]
[Termination "normal"]
[Board "3.1"]
[WhiteElo "1182"]
[BlackElo "1431"]
[WhiteTeam "TSG Oberschöneweide e.V."]
[BlackTeam "Schachzwerge Magdeburg"]
[PlyCount "56"]
[WhiteFideId "16279131"]
[BlackFideId "16287312"]
[EventCountry "GER"]
[EventRounds "7"]
[EventType "team-swiss"]
[EventDate "2022.12.26"]

{unterminated} 1. e4 e5 2. Nc3 Nc6 3. Bc4 Bc5 4. d3 d6 5. Be3 Bb6 6. h3 Be6 7.
Nge2 Nge7 8. O-O Qd7 9. a3 Ng6 10. Kh2 O-O-O 11. Nd5 Bxe3 12. fxe3 Nce7 13. Ng3
Rdf8 14. Qf3 c6 15. Nxe7+ Nxe7 16. a4 g6 17. Qf6 h5 18. Qg7 Rfg8 19. Qf6 h4 20.
Ne2 g5 21. Rf2 g4 22. hxg4 Bxg4 23. Bxf7 Rf8 24. Raf1 Rh7 25. Qg5 Bxe2 26. Be6
Qxe6 27. Rxf8+ Kc7 28. R1f2 Bg4 0-1

[Event "DVM U12w 2022"]
[Site "Berlin GER"]
[Date "2022.12.27"]
[Round "1"]
[White "Rössling, Laura Marie"]
[Black "Weng, Yueyi Elina"]
[Result "1-0"]
[Termination "normal"]
[Board "3.2"]
[WhiteElo "1360"]
[BlackElo "924"]
[WhiteTeam "Schachzwerge Magdeburg"]
[BlackTeam "TSG Oberschöneweide e.V."]
[PlyCount "41"]
[WhiteFideId "16289471"]
[BlackFideId "34639896"]
[EventCountry "GER"]
[EventRounds "7"]
[EventType "team-swiss"]
[EventDate "2022.12.26"]

{unterminated} 1. e4 e5 2. Nf3 Nc6 3. Bc4 Bc5 4. c3 Nf6 5. d4 exd4 6. e5 d5 7.
Bb5 Ne4 8. cxd4 Bb4+ 9. Bd2 O-O 10. Bxc6 Bxd2+ 11. Nbxd2 bxc6 12. O-O Bg4 13.
Qa4 c5 14. dxc5 Nxc5 15. Qxg4 Nd3 16. b3 Re8 17. Qf5 Nxe5 18. Ng5 f6 19. Qxh7+
Kf8 20. Qh8+ Ke7 21. Qxg7+ 1-0

[Event "DVM U12w 2022"]
[Site "Berlin GER"]
[Date "2022.12.27"]
[Round "1"]
[White "Neurohr, Katharina"]
[Black "Funke, Luise"]
[Result "0-1"]
[Termination "normal"]
[Board "3.3"]
[WhiteElo "941"]
[BlackElo "1091"]
[WhiteTeam "TSG Oberschöneweide e.V."]
[BlackTeam "Schachzwerge Magdeburg"]
[PlyCount "38"]
[WhiteFideId "34639810"]
[BlackFideId "34623752"]
[EventCountry "GER"]
[EventRounds "7"]
[EventType "team-swiss"]
[EventDate "2022.12.26"]

{unterminated} 1. e4 e5 2. Nf3 Nc6 3. Bc4 Bc5 4. Nc3 Nf6 5. d3 d6 6. h3 Be6 7.
Bb3 Qd7 8. Bg5 Qe7 9. Qd2 h6 10. Be3 Bb4 11. a3 Ba5 12. Bxe6 Qxe6 13. Qe2 Bxc3+
14. bxc3 O-O-O 15. O-O g5 16. Rab1 Rdg8 17. Rb2 g4 18. hxg4 Qxg4 19. Rfb1 Qxg2#
0-1

[Event "DVM U12w 2022"]
[Site "Berlin GER"]
[Date "2022.12.27"]
[Round "1"]
[White "Lahne, Paula"]
[Black "Rätsch, Elina"]
[Result "0-1"]
[Termination "normal"]
[Board "3.4"]
[WhiteElo "873"]
[BlackElo "919"]
[WhiteTeam "Schachzwerge Magdeburg"]
[BlackTeam "TSG Oberschöneweide e.V."]
[PlyCount "108"]
[WhiteFideId "34639730"]
[BlackFideId "34639853"]
[EventCountry "GER"]
[EventRounds "7"]
[EventType "team-swiss"]
[EventDate "2022.12.26"]

{unterminated} 1. e4 c6 2. Nf3 d5 3. exd5 cxd5 4. Nc3 Bf5 5. Bb5+ Nc6 6. Bxc6+
bxc6 7. d3 e6 8. Ne5 Ne7 9. Qe2 f6 10. Nf3 Ng6 11. Nd4 Ne5 12. Bf4 Qd6 13. O-O
Be7 14. Rfe1 O-O 15. Bxe5 fxe5 16. Qxe5 Qxe5 17. Rxe5 Bf6 18. Nxe6 Bxe5 19.
Nxf8 Rxf8 20. Re1 Bxc3 21. bxc3 c5 22. Re5 c4 23. dxc4 dxc4 24. Rc5 Re8 25. h3
Bxc2 26. Rxc4 Re2 27. Kf1 Bd3 28. Rc8+ Kf7 29. c4 Re8+ 30. Kg1 Rxc8 31. Kh2
Rxc4 32. Kg3 Kg6 33. Kf3 Be4+ 34. Kg3 Rc3+ 35. Kf4 Bxg2 36. a4 Bxh3 37. Ke4 h5
38. Kd4 Ra3 39. f4 Bg2 40. Ke5 h4 41. f5+ Kf7 42. Kf4 h3 43. Kg5 h2 44. Kg4
h1=R 45. Kf4 Be4 46. Kxe4 g6 47. fxg6+ Kxg6 48. Kd4 Rh5 49. Kc4 Rxa4+ 50. Kb3
Rhh4 51. Kc3 Ra3+ 52. Kb2 Rg3 53. Kc2 Rh2+ 54. Kc1 Rg1# 0-1

[Event "DVM U12w 2022"]
[Site "Berlin GER"]
[Date "2022.12.27"]
[Round "1"]
[White "Halas, Neele Zoe"]
[Black "Türel, Tugce"]
[Result "1/2-1/2"]
[Termination "normal"]
[Board "4.1"]
[WhiteElo "1413"]
[BlackElo "1318"]
[WhiteTeam "Schachgemeinschaft Leipzig"]
[BlackTeam "Schachfreunde München e.V."]
[PlyCount "57"]
[WhiteFideId "16287282"]
[BlackFideId "26350602"]
[EventCountry "GER"]
[EventRounds "7"]
[EventType "team-swiss"]
[EventDate "2022.12.26"]

{unterminated} 1. e4 e5 2. Nf3 Nc6 3. d4 exd4 4. Nxd4 Bc5 5. Be3 Bxd4 6. Bxd4
f6 7. Bc4 Nge7 8. Nc3 d6 9. O-O Ne5 10. Bb3 c5 11. Bxe5 dxe5 12. Qxd8+ Kxd8 13.
Rad1+ Kc7 14. Nd5+ Nxd5 15. exd5 Rd8 16. c4 Bf5 17. Rd2 Rd6 18. Bc2 Bxc2 19.
Rxc2 a6 20. Rfc1 Rf8 21. a3 b6 22. b4 Rb8 23. Rb2 g6 24. b5 a5 25. Rb3 Rd7 26.
Re1 Re7 27. Rd3 Kd6 28. f3 g5 29. g4 1/2-1/2

[Event "DVM U12w 2022"]
[Site "Berlin GER"]
[Date "2022.12.27"]
[Round "1"]
[White "Martin, Helene"]
[Black "Leicher, Anna"]
[Result "0-1"]
[Termination "normal"]
[Board "5.1"]
[WhiteElo "1059"]
[BlackElo "1248"]
[WhiteTeam "Schachklub König Plauen"]
[BlackTeam "FC Bayern München e.V."]
[PlyCount "70"]
[WhiteFideId "34639780"]
[BlackFideId "34614966"]
[EventCountry "GER"]
[EventRounds "7"]
[EventType "team-swiss"]
[EventDate "2022.12.26"]

{unterminated} 1. e4 e5 2. Nf3 Nc6 3. Bc4 Bc5 4. c3 Nf6 5. d3 h6 6. Be3 Bb6 7.
Nbd2 O-O 8. O-O d5 9. Qc2 dxc4 10. dxc4 a6 11. Rfd1 Qe7 12. b4 Bxe3 13. fxe3
Ng4 14. Nb3 Nxe3 15. Qe2 Nxd1 16. Rxd1 Bg4 17. Qf2 Qe6 18. c5 Rfd8 19. Re1 Rd3
20. Re3 Rd1+ 21. Re1 Bxf3 22. gxf3 Qg6+ 23. Kh1 Rad8 24. Rg1 Qxg1+ 25. Qxg1
Rxg1+ 26. Kxg1 Rd3 27. c4 Nxb4 28. a4 Rxb3 29. Kf2 Nd3+ 30. Ke2 Nxc5 31. a5 Rd3
32. h4 b6 33. axb6 cxb6 34. h5 a5 35. Kf2 a4 0-1

[Event "DVM U12w 2022"]
[Site "Berlin GER"]
[Date "2022.12.27"]
[Round "1"]
[White "Ramakrishnan, Veda"]
[Black "Ploss, Aliya"]
[Result "1-0"]
[Termination "normal"]
[Board "5.2"]
[WhiteElo "1142"]
[BlackElo "950"]
[WhiteTeam "FC Bayern München e.V."]
[BlackTeam "Schachklub König Plauen"]
[PlyCount "45"]
[WhiteFideId "16269519"]
[BlackFideId "34622357"]
[EventCountry "GER"]
[EventRounds "7"]
[EventType "team-swiss"]
[EventDate "2022.12.26"]

{unterminated} 1. d4 f5 2. c4 Nf6 3. Nc3 e6 4. Bf4 Be7 5. e3 c6 6. Nf3 d6 7.
Be2 O-O 8. O-O Ne4 9. Qc2 Nxc3 10. Qxc3 Bf6 11. Rad1 b6 12. Qb4 c5 13. dxc5
bxc5 14. Qd2 Be7 15. Bxd6 Qxd6 16. Qxd6 Bxd6 17. Rxd6 Re8 18. Rfd1 Ba6 19. Ne5
h6 20. Bh5 Rf8 21. Rd8 Rxd8 22. Rxd8+ Kh7 23. Bg6# 1-0

[Event "DVM U12w 2022"]
[Site "Berlin GER"]
[Date "2022.12.27"]
[Round "1"]
[White "Winkler, Frida"]
[Black "Mauhs, Helena"]
[Result "1-0"]
[Termination "normal"]
[Board "5.3"]
[WhiteElo "1133"]
[BlackElo "1122"]
[WhiteTeam "Schachklub König Plauen"]
[BlackTeam "FC Bayern München e.V."]
[PlyCount "155"]
[WhiteFideId "34622322"]
[BlackFideId "34630279"]
[EventCountry "GER"]
[EventRounds "7"]
[EventType "team-swiss"]
[EventDate "2022.12.26"]

{unterminated} 1. e4 e5 2. Nf3 Nc6 3. Bc4 Bc5 4. b4 Bxb4 5. c3 Ba5 6. d4 d6 7.
O-O Nf6 8. d5 Ne7 9. Qa4+ Bd7 10. Qxa5 Nxe4 11. Nbd2 Nc5 12. Qa3 O-O 13. Nxe5
b5 14. Nxd7 Qxd7 15. Bb3 Qf5 16. c4 bxc4 17. Bxc4 Nxd5 18. Qf3 Qxf3 19. Nxf3
Nf6 20. Bb2 Nfe4 21. Rfe1 Rab8 22. Bd4 Rfe8 23. Re3 Rb4 24. Nd2 d5 25. Bxc5 Rb2
26. Nxe4 dxe4 27. Rae1 h6 28. Rxe4 Rxe4 29. Rxe4 Rc2 30. Bd3 Rc1+ 31. Bf1 g6
32. Bxa7 Rc2 33. Re8+ Kh7 34. Rc8 Rc6 35. g4 Rc1 36. Bb8 Ra1 37. Bxc7 Rxa2 38.
Be5 g5 39. Rh8+ Kg6 40. Bd3+ f5 41. Bxf5+ Kf7 42. Rh7+ Kg8 43. Rg7+ Kf8 44. Rb7
Re2 45. Bd6+ Ke8 46. Bd7+ Kd8 47. Kf1 Rd2 48. Bc7+ Ke7 49. Bb5 Rd1+ 50. Kg2 Ke6
51. Bc4+ Kf6 52. Rb6+ Ke7 53. Rxh6 Rc1 54. Rh7+ Ke8 55. Bb5+ Kf8 56. Bd6+ Kg8
57. Rh5 Kf7 58. Rxg5 Rg1+ 59. Kxg1 Kf6 60. h4 Kf7 61. h5 Kf6 62. Rg6+ Kf7 63.
Bc4+ Ke8 64. h6 Kd8 65. h7 Kd7 66. h8=Q Kc6 67. Qh5 Kd7 68. Qh7+ Kc6 69. Bf4+
Kc5 70. Bc7 Kd4 71. Rd6+ Ke5 72. Qe7+ Kf4 73. Qe3+ Kxg4 74. Rd4+ Kf5 75. Bb8
Kf6 76. Rf4+ Kg5 77. Qg3+ Kh5 78. Rh4# 1-0

[Event "DVM U12w 2022"]
[Site "Berlin GER"]
[Date "2022.12.27"]
[Round "1"]
[White "Artemenko, Isabella"]
[Black "Wieckowicz, Bui Ha My"]
[Result "1-0"]
[Termination "normal"]
[Board "5.4"]
[WhiteElo "937"]
[BlackElo "765"]
[WhiteTeam "FC Bayern München e.V."]
[BlackTeam "Schachklub König Plauen"]
[PlyCount "131"]
[WhiteFideId "34639616"]
[BlackFideId "34639918"]
[EventCountry "GER"]
[EventRounds "7"]
[EventType "team-swiss"]
[EventDate "2022.12.26"]

1. d4 f5 2. Nf3 Nf6 3. e3 e6 4. c4 Be7 5. Nc3 O-O 6. Bd3 d6 7. b3 b6 8. O-O Bb7
9. Ba3 Na6 10. b4 d5 11. cxd5 exd5 12. Ne5 Qc8 13. b5 Bxa3 14. bxa6 Bxa6 15.
Bxa6 Qxa6 16. Qb3 Qa5 17. Nb5 c5 18. Nc7 c4 19. Qb5 a6 20. Qxa5 bxa5 21. Nxa8
Rxa8 22. h3 Ne4 23. Rab1 Nd2 24. Rfe1 Nxb1 25. Rxb1 c3 26. Nd3 c2 27. Rb3 Bd6
28. g3 a4 29. Rc3 a3 30. Rxc2 Rb8 31. f4 Rb1+ 32. Kg2 Rd1 33. Nc1 Bb4 34. Nb3
Rb1 35. g4 fxg4 36. hxg4 Rb2 37. Rf2 Rxf2+ 38. Kxf2 g6 39. Kf3 h5 40. Nc5 Be1
41. e4 dxe4+ 42. Nxe4 h4 43. Kg2 Bd2 44. Nxd2 Kh7 45. d5 Kg8 46. Nc4 Kf7 47.
Kh3 Ke7 48. Kxh4 Ke8 49. Kg5 Kf7 50. f5 Kg7 51. fxg6 Kg8 52. d6 Kf8 53. g7+
Kxg7 54. d7 Kf7 55. d8=Q Ke6 56. Qb6+ Kd5 57. Qa5+ Kxc4 58. Qxa6+ Kb4 59. Qc6
Ka5 60. Qc3+ Ka4 61. Kf4 Kb5 62. Ke5 Ka4 63. Kd5 Kb5 64. Qb3+ Ka5 65. Kc5 Ka6
66. Qb6# 1-0

[Event "DVM U12w 2022"]
[Site "Berlin GER"]
[Date "2022.12.27"]
[Round "1"]
[White "Shynkar, Daria"]
[Black "Mersmann, Jasmin"]
[Result "1-0"]
[Termination "normal"]
[Board "6.1"]
[WhiteElo "1089"]
[BlackElo "1187"]
[WhiteTeam "SchachAkademiePaderborn e. V."]
[BlackTeam "Karlsruher SF 1853"]
[PlyCount "89"]
[WhiteFideId "34163212"]
[BlackFideId "34630287"]
[EventCountry "GER"]
[EventRounds "7"]
[EventType "team-swiss"]
[EventDate "2022.12.26"]

{[%evp 0,82,16,28,26,-14,37,24,19,43,55,42,40,20,33,43,48,50,44,47,109,75,85,
75,88,101,227,174,510,531,510,539,591,430,521,460,497,467,534,433,509,518,538,
538,545,465,538,564,648,513,506,516,553,523,580,573,621,536,831,864,864,870,
870,877,947,867,911,897,1237,890,929,942,985,955,980,915,994,975,1065,1048,
1062,1018,1178,1232,1292] unterminated} 1. d4 d5 2. c4 c6 3. e3 Nf6 4. Nc3 e6
5. Nf3 Nbd7 6. cxd5 cxd5 7. Bd3 Bb4 8. Bd2 O-O 9. O-O Re8 10. a3 Bd6 11. Rc1 b6
12. Nb5 Be7 13. Nc7 Ne4 14. Nxa8 Bd6 15. Qc2 e5 16. dxe5 Nxe5 17. Nxe5 Bxe5 18.
f4 Bb8 19. Bb5 Rf8 20. Bb4 Bd6 21. Bxd6 Nxd6 22. Bd3 g6 23. Nc7 Bf5 24. Na6 Qe7
25. Qd2 Re8 26. Rfe1 Ne4 27. Bxe4 Qxe4 28. Qd4 Qe6 29. Nc7 Qe4 30. Nxe8 Qxe8
31. Qxd5 Bd7 32. Rcd1 Ba4 33. Qd8 Kf8 34. Qxe8+ Kxe8 35. Rd4 Bb5 36. Red1 Be2
37. R1d2 Bb5 38. b3 a5 39. a4 Bc6 40. e4 Ke7 41. Rc2 Be8 42. Rc7+ Ke6 43. g4 h6
44. e5 h5 45. Rd6# 1-0

[Event "DVM U12w 2022"]
[Site "Berlin GER"]
[Date "2022.12.27"]
[Round "1"]
[White "Xiao, Karoline"]
[Black "Hladeniuk, Yelyzaveta"]
[Result "1/2-1/2"]
[Termination "normal"]
[Board "6.2"]
[WhiteElo "990"]
[BlackElo "1146"]
[WhiteTeam "Karlsruher SF 1853"]
[BlackTeam "SchachAkademiePaderborn e. V."]
[PlyCount "44"]
[WhiteFideId "16282230"]
[BlackFideId "34176128"]
[EventCountry "GER"]
[EventRounds "7"]
[EventType "team-swiss"]
[EventDate "2022.12.26"]

{unterminated} 1. d4 Nf6 2. Bf4 e6 3. e3 d5 4. c3 c5 5. Nd2 cxd4 6. exd4 Nc6 7.
Ngf3 Bd6 8. Bg3 O-O 9. Bd3 a6 10. O-O Bxg3 11. fxg3 Qb6 12. Qb3 Qxb3 13. axb3
Bd7 14. Ne5 Nxe5 15. dxe5 Ne8 16. Rf4 g6 17. Rh4 Kg7 18. Rf1 Nc7 19. Rhf4 Rh8
20. Rb4 Bc6 21. Nf3 Rab8 22. Nd4 Rhg8 1/2-1/2

[Event "DVM U12w 2022"]
[Site "Berlin GER"]
[Date "2022.12.27"]
[Round "1"]
[White "Cao, Weiqi"]
[Black "Khachaturyan, Viktoria"]
[Result "1-0"]
[Termination "normal"]
[Board "6.3"]
[WhiteElo "1116"]
[BlackElo "874"]
[WhiteTeam "SchachAkademiePaderborn e. V."]
[BlackTeam "Karlsruher SF 1853"]
[PlyCount "85"]
[WhiteFideId "34630112"]
[BlackFideId "16258150"]
[EventCountry "GER"]
[EventRounds "7"]
[EventType "team-swiss"]
[EventDate "2022.12.26"]

{unterminated} 1. d4 d5 2. Nf3 Nc6 3. g3 Nf6 4. Bg2 Bg4 5. O-O e5 6. Nxe5 Nxe5
7. dxe5 Ne4 8. f3 Bh5 9. fxe4 dxe4 10. Bxe4 Qxd1 11. Rxd1 Bxe2 12. Bxb7 Bc5+
13. Kg2 Bxd1 14. Bxa8 Ke7 15. Bf3 Bxf3+ 16. Kxf3 Rd8 17. Bg5+ f6 18. exf6+ gxf6
19. Bf4 Rd7 20. Nc3 Kf7 21. Ne4 Bb6 22. Be3 Bxe3 23. Kxe3 Re7 24. Kf3 f5 25.
Ng5+ Kg6 26. Nh3 h5 27. Nf4+ Kh6 28. Rd1 h4 29. gxh4 Re4 30. Ng2 Kg6 31. b3 Kf6
32. Rd7 Ke5 33. Rxc7 f4 34. Re7+ Kd5 35. Rxe4 a5 36. h5 Kd6 37. h6 Kc6 38. h7
Kb6 39. h8=Q Ka6 40. Re5 Kb6 41. Qf6+ Kc7 42. Re7+ Kd8 43. Qf8# 1-0